[Event "?"]
[Site "?"]
[Date "2014.05.30"]
[Round "1"]
[White "HENNUYER, Samuel"]
[Black "DUTHOIT, Bernard"]
[Result "0-1"]
[WhiteElo "1745"]
[BlackElo "1360"]
[PlyCount "72"]
[SourceDate "2014.05.30"]

1. d4 d5 2. f4 Nc6 3. Nf3 Bg4 4. e3 e6 5. c3 Nf6 6. Nbd2 Be7 7. Bd3 O-O 8. Qc2
h6 9. O-O a6 10. e4 dxe4 11. Nxe4 g6 12. Nxf6+ Bxf6 13. Bxg6 Bxf3 14. Bh7+ Kh8
15. Rxf3 Bxd4+ 16. cxd4 Nxd4 17. Qd3 Nxf3+ 18. gxf3 f5 19. Qxd8 Raxd8 20. Bxf5
Rd1+ 21. Kf2 Rxf5 22. b3 Kg8 23. Kg3 Rc5 24. Bb2 Rxa1 25. Bxa1 b5 26. Bd4 Rc2
27. Be5 c5 28. Bd6 c4 29. bxc4 Rxc4 30. a3 a5 31. Kf2 b4 32. f5 exf5 33. axb4
axb4 34. Ke3 b3 35. Be5 Rc2 36. Kd3 Rf2 0-1

[Event "?"]
[Site "?"]
[Date "2014.05.30"]
[Round "1"]
[White "ROMAN, Hugo"]
[Black "ANTONIC, Nenad"]
[Result "0-1"]
[WhiteElo "1862"]
[BlackElo "1415"]
[PlyCount "65"]
[SourceDate "2014.05.30"]

1. e4 c6 2. d4 d5 3. Nd2 dxe4 4. Nxe4 Bf5 5. Ng3 Bg6 6. h4 h6 7. Nf3 Nf6 8. Ne5
Bh7 9. Bc4 e6 10. Qe2 Be7 11. Nxf7 Kxf7 12. Qxe6+ Ke8 13. Qf7+ Kd7 14. Be6+ Kc7
15. Bf4+ Kb6 16. Qxg7 Qf8 17. Qxf8 Bxf8 18. O-O-O Bg8 19. Rhe1 Na6 20. Rd3 Nc7
21. Rb3+ Nb5 22. Bxg8 Rxg8 23. a4 a6 24. Re6 Nd5 25. Bxh6 Bxh6+ 26. Rxh6 Rgf8
27. Ne4 Nf4 28. axb5 axb5 29. Nc5 Ne2+ 30. Kd2 Rxf2 31. Ke3 Rxg2 32. Rh7 Ra7
33. Kf3 0-1

[Event "?"]
[Site "?"]
[Date "2014.05.30"]
[Round "1"]
[White "ALABART, Jeremie"]
[Black "DELAVALADE, Philippe"]
[Result "0-1"]
[WhiteElo "1419"]
[BlackElo "1910"]
[PlyCount "70"]
[SourceDate "2014.05.30"]

1. d4 Nf6 2. Nf3 g6 3. Bf4 Bg7 4. c3 d6 5. h3 Nbd7 6. Nbd2 O-O 7. e3 Re8 8. Bd3
e5 9. dxe5 dxe5 10. Bg5 Nc5 11. Bc2 Nd3+ 12. Bxd3 Qxd3 13. Qe2 Qxe2+ 14. Kxe2
b6 15. Bxf6 Ba6+ 16. c4 Bxf6 17. e4 Rad8 18. Rhd1 Bg7 19. b3 f5 20. Rac1 c5 21.
h4 Bb7 22. exf5 gxf5 23. Kf1 e4 24. Ng1 Bh6 25. Nb1 Bxc1 26. Rxc1 Rd3 27. Nc3
Red8 28. Nge2 Rd2 29. Ke1 Kf7 30. Nf4 Rb2 31. Nfe2 e3 32. fxe3 Bxg2 33. Kf2 Be4
34. Ke1 Bf3 35. Nf4 Rh2 0-1

[Event "?"]
[Site "?"]
[Date "2014.05.30"]
[Round "1"]
[White "MARTIN, Jean-Claude"]
[Black "DELBOE, Christian"]
[Result "0-1"]
[WhiteElo "1240"]
[BlackElo "1638"]
[PlyCount "72"]
[SourceDate "2014.05.30"]

1. d4 b6 2. c4 Bb7 3. d5 g6 4. Nc3 Bg7 5. e4 d6 6. Nf3 Qd7 7. Be3 Nf6 8. Bd3
O-O 9. O-O c5 10. e5 Ng4 11. exd6 Nxe3 12. fxe3 exd6 13. e4 Na6 14. a3 Nc7 15.
Ng5 Rae8 16. Qa4 Qxa4 17. Nxa4 Re7 18. Nc3 Bc8 19. Rae1 Ne8 20. Nd1 Nf6 21. b4
Ng4 22. h3 Bd4+ 23. Nf2 Ne3 24. Nf3 Nxf1 25. Nxd4 cxd4 26. Kxf1 f5 27. exf5
Rxe1+ 28. Kxe1 Re8+ 29. Kd2 gxf5 30. g3 Kg7 31. h4 h5 32. Nh3 Re3 33. Ng5 Rxg3
34. Ne6+ Bxe6 35. dxe6 f4 36. e7 Kf7 0-1

[Event "?"]
[Site "?"]
[Date "2014.05.30"]
[Round "2"]
[White "POLAT, Pierre"]
[Black "CHAIGNET, Lucas"]
[Result "1-0"]
[WhiteElo "1788"]
[BlackElo "1628"]
[PlyCount "89"]
[SourceDate "2014.05.30"]

1. e4 e5 2. Nf3 Nc6 3. Bc4 Bc5 4. c3 Nf6 5. d4 exd4 6. cxd4 Bb4+ 7. Nc3 Nxe4 8.
O-O Bxc3 9. bxc3 d5 10. Bd3 Bf5 11. Re1 O-O 12. Qc2 Bg6 13. Bf4 f5 14. Ne5 Nxe5
15. Bxe5 c6 16. f3 Nd6 17. Re2 Qd7 18. Qb3 b6 19. a4 Nb7 20. Rc1 Rfe8 21. c4
Na5 22. Qb4 dxc4 23. Bxc4+ Nxc4 24. Qxc4+ Bf7 25. Qxc6 Qxc6 26. Rxc6 Rac8 27.
Rec2 Rxc6 28. Rxc6 Bb3 29. Rc7 Bxa4 30. Rxg7+ Kf8 31. Rxa7 b5 32. Rxh7 Bb3 33.
Rh8+ Kf7 34. Rxe8 Kxe8 35. Kf2 Bd5 36. Bd6 Kd7 37. Bc5 Ke6 38. Ke3 Kf6 39. Kf4
Be6 40. h4 Bf7 41. g4 fxg4 42. fxg4 Bd5 43. h5 Bf7 44. g5+ Kg7 45. g6 1-0

[Event "?"]
[Site "?"]
[Date "2014.05.30"]
[Round "2"]
[White "FARTHOUAT, Titoine"]
[Black "ROMAN, Hugo"]
[Result "1/2-1/2"]
[WhiteElo "1350"]
[BlackElo "1439"]
[PlyCount "82"]
[SourceDate "2014.05.30"]

1. e4 e5 2. Nf3 Nc6 3. Bb5 a6 4. Bxc6 dxc6 5. O-O Bd6 6. d4 exd4 7. Qxd4 f6 8.
e5 Be7 9. Qxd8+ Bxd8 10. Re1 Kf7 11. exf6 Bxf6 12. Ng5+ Bxg5 13. Bxg5 Nf6 14.
Nc3 Bf5 15. Re2 Rhe8 16. Rae1 Bxc2 17. Rxe8 Rxe8 18. Rxe8 Nxe8 19. Ne2 Nf6 20.
Nc3 Nd5 21. Bd2 Nxc3 22. Bxc3 c5 23. g4 Bd1 24. g5 Bf3 25. h4 g6 26. Kh2 Ke6
27. Kg3 Bd5 28. a3 Kf5 29. Ba5 b6 30. Bd2 Ke4 31. Kg4 Be6+ 32. Kg3 Bf5 33. f3+
Kd5 34. Kf4 a5 35. Be3 Kc6 36. h5 b5 37. hxg6 hxg6 38. Ke5 b4 39. f4 c4 40. Kd4
Be6 41. a4 c3 1/2-1/2

[Event "?"]
[Site "?"]
[Date "2014.05.30"]
[Round "2"]
[White "HENNUYER, Samuel"]
[Black "DHENAIN, Sebastien"]
[Result "1-0"]
[WhiteElo "1745"]
[BlackElo "1300"]
[PlyCount "74"]
[SourceDate "2014.05.30"]

1. e4 e6 2. e5 d5 3. Nf3 f5 4. d4 c6 5. Nc3 Ne7 6. Be2 Ng6 7. Bg5 Qc7 8. O-O h6
9. Bd2 Be7 10. Na4 Nd7 11. c4 dxc4 12. Bxc4 b5 13. Be2 bxa4 14. Qxa4 Nb6 15.
Ba5 Bb7 16. Bxb6 axb6 17. Qd1 O-O 18. Nd2 c5 19. dxc5 Bxc5 20. Qb3 Qxe5 21. Bc4
Bd5 22. Bxd5 Qxd5 23. Qxd5 exd5 24. Nb3 d4 25. Nxc5 bxc5 26. Rfe1 Rfe8 27. Rec1
d3 28. Rd1 Rad8 29. Rac1 d2 30. Rb1 Re2 31. g3 Rde8 32. Kf1 f4 33. h4 f3 34. b3
Ne5 35. Rb2 Nd3 36. Rbxd2 Re1+ 37. Rxe1 Rxe1# 1-0

[Event "?"]
[Site "?"]
[Date "2014.05.30"]
[Round "2"]
[White "GERBAUX, Regis"]
[Black "LOYARTE, Frederic"]
[Result "0-1"]
[WhiteElo "1290"]
[BlackElo "1439"]
[PlyCount "42"]
[SourceDate "2014.05.30"]

1. d4 Nf6 2. Nc3 g6 3. Bf4 d6 4. Qd2 Bg7 5. Bh6 O-O 6. Bxg7 Kxg7 7. e3 e5 8.
O-O-O Nc6 9. d5 Ne7 10. Bc4 Qd7 11. Nf3 a6 12. Qd3 Qg4 13. Rhg1 Qh5 14. Kb1 Ng4
15. g3 Qh6 16. Qe2 f5 17. Bd3 f4 18. h3 Qh5 19. hxg4 Bxg4 20. Rh1 Bxf3 21. Qxf3
Qxf3 0-1

[Event "?"]
[Site "?"]
[Date "2014.05.30"]
[Round "2"]
[White "TACCHINI, Bruno"]
[Black "JACQUELIN, Norbert"]
[Result "0-1"]
[WhiteElo "1784"]
[BlackElo "1530"]
[PlyCount "32"]
[SourceDate "2014.05.30"]

1. e4 e5 2. Bc4 Nf6 3. d3 Bc5 4. h3 O-O 5. Nf3 d5 6. exd5 e4 7. dxe4 Nxe4 8.
Be3 Bxe3 9. fxe3 Qd6 10. O-O Re8 11. Nc3 Nxc3 12. bxc3 Rxe3 13. Re1 Rxe1+ 14.
Qxe1 Bd7 15. Nd4 Na6 16. Nb5 Qc5+ 0-1

[Event "?"]
[Site "?"]
[Date "2014.05.31"]
[Round "2"]
[White "VERVOORT, Jean-Louis"]
[Black "ALABART, Jeremie"]
[Result "1-0"]
[WhiteElo "1260"]
[BlackElo "1419"]
[PlyCount "66"]
[SourceDate "2014.05.30"]

1. d4 d5 2. c4 c6 3. Nc3 Nf6 4. Bg5 e6 5. Nf3 Be7 6. e3 O-O 7. Bd3 Nbd7 8. O-O
Re8 9. Rc1 Qb6 10. Rc2 Qd8 11. a3 b6 12. cxd5 exd5 13. Qb1 Bb7 14. Rfc1 c5 15.
Na4 Bc6 16. b3 c4 17. Bf5 Bxa4 18. bxa4 Bxa3 19. Re1 Be7 20. Rce2 h6 21. Bxf6
Nxf6 22. h3 Rb8 23. e4 a6 24. e5 Nh5 25. e6 Rf8 26. Bh7+ Kh8 27. exf7 Bd6 28.
Re8 Qc7 29. R8e6 b5 30. Qf5 Qd8 31. g4 Nf4 32. h4 g5 33. hxg5 hxg5 1-0

[Event "?"]
[Site "?"]
[Date "2014.05.31"]
[Round "2"]
[White "PORCABEUF, Jean-Marc"]
[Black "SCHMEISSER, Alexandre"]
[Result "0-1"]
[WhiteElo "1190"]
[BlackElo "1390"]
[PlyCount "43"]
[SourceDate "2014.05.30"]

1. d4 d5 2. c4 c6 3. Nc3 Nf6 4. Bf4 Nbd7 5. Nf3 e6 6. a3 Be7 7. e3 O-O 8. cxd5
exd5 9. Bd3 h6 10. O-O c5 11. dxc5 Nxc5 12. Bc2 Be6 13. b4 Nce4 14. Nxe4 dxe4
15. Nd4 Bc4 16. Re1 Qd7 17. Be5 Ng4 18. Bxe4 Nxe5 19. Qc2 Rac8 20. Bh7+ Kh8 21.
Qe4 Bd3 22. Bf5 0-1

[Event "?"]
[Site "?"]
[Date "2014.05.31"]
[Round "2"]
[White "ROMAN, Hugo"]
[Black "DHENAIN, Sebastien"]
[Result "1-0"]
[WhiteElo "1862"]
[BlackElo "1300"]
[PlyCount "45"]
[SourceDate "2014.05.30"]

1. e4 e5 2. Nf3 Nc6 3. Bb5 a6 4. Ba4 Nf6 5. O-O b5 6. Bb3 d5 7. exd5 Nxd5 8.
Nxe5 Nxe5 9. Re1 Bd6 10. d4 Bb7 11. dxe5 Bb4 12. Bd2 O-O 13. Qg4 Bxd2 14. Nxd2
Nb4 15. Qxb4 Qg5 16. Ne4 Qg6 17. Ng3 a5 18. e6 a4 19. exf7+ Kh8 20. Be6 Rad8
21. Bf5 Qxf7 22. Nh5 Qxf5 23. Nf6 1-0

[Event "?"]
[Site "?"]
[Date "2014.05.31"]
[Round "3"]
[White "HENNUYER, Samuel"]
[Black "LOYARTE, Frederic"]
[Result "1-0"]
[WhiteElo "1745"]
[BlackElo "1439"]
[PlyCount "119"]
[SourceDate "2014.05.30"]

1. d4 Nf6 2. f4 g6 3. Nf3 d5 4. Ne5 Nbd7 5. Nd2 Nxe5 6. fxe5 Ne4 7. g3 Bf5 8.
Bg2 h5 9. Bxe4 dxe4 10. Nc4 b5 11. Ne3 Qd7 12. O-O Bh3 13. Rf4 Bh6 14. Rxe4
Bxe3+ 15. Rxe3 Qd5 16. Rf3 h4 17. Bf4 O-O-O 18. Qd3 Bf5 19. Qc3 Qxd4+ 20. Qxd4
Rxd4 21. Rc3 hxg3 22. Bxg3 Rd2 23. Re1 Rxc2 24. Rxc2 Bxc2 25. Rc1 Be4 26. e6 c6
27. exf7 Rf8 28. a4 bxa4 29. Rc4 Bd5 30. Rxa4 Rxf7 31. e4 Bb3 32. Rxa7 e5 33.
Rxf7 Bxf7 34. Bxe5 Be6 35. Kf2 g5 36. Ke3 Kb7 37. Bf6 g4 38. b4 Kc7 39. Kd4 Kd7
40. Ke5 Bc4 41. Bh4 Be6 42. Kf4 Kd6 43. Bf2 Kc7 44. Bc5 Kd7 45. Kg5 Ke8 46. Kf6
Bc4 47. e5 Bd5 48. e6 Bc4 49. Ke5 Bd5 50. Kd6 Be4 51. Bd4 Bd5 52. b5 Bxe6 53.
Kxe6 cxb5 54. Kf5 Kf7 55. Kxg4 Kg6 56. h4 Kh6 57. h5 b4 58. Be3+ Kh7 59. Kg5 b3
60. Bd4 1-0

[Event "?"]
[Site "?"]
[Date "2014.05.31"]
[Round "3"]
[White "SAUVAGET, Joel"]
[Black "FARTHOUAT, Titoine"]
[Result "0-1"]
[WhiteElo "1380"]
[BlackElo "1350"]
[PlyCount "120"]
[SourceDate "2014.05.30"]

1. d4 d5 2. Nf3 Bg4 3. e3 Nf6 4. Be2 Nc6 5. c3 e6 6. Nbd2 Bd6 7. h3 Bh5 8. O-O
O-O 9. Nh2 Bxh2+ 10. Kxh2 Qd6+ 11. Kg1 Bxe2 12. Qxe2 h6 13. Nf3 Rfe8 14. a3 Na5
15. Qd3 Ne4 16. Rb1 Nc4 17. Qc2 a5 18. Nd2 Ncxd2 19. Bxd2 c5 20. Bc1 Qc6 21. b3
Nd6 22. Re1 a4 23. Qd1 Qb6 24. Bd2 axb3 25. Rxb3 Qa7 26. Bc1 c4 27. Rb1 Ne4 28.
Qc2 Reb8 29. Re2 Qa5 30. Bb2 b5 31. Ree1 Qa4 32. Qxa4 Rxa4 33. Ra1 f5 34. f3
Nd2 35. Re2 Nb3 36. Rae1 Ra7 37. e4 fxe4 38. fxe4 Rd7 39. Rf1 Rf8 40. Ref2 Rxf2
41. Rxf2 Rf7 42. g4 Rxf2 43. Kxf2 Nd2 44. Ke3 Nf1+ 45. Kf2 Nd2 46. Ke3 Nxe4 47.
Kf3 Kf7 48. Kg2 Ke7 49. Kf3 Kd7 50. Kg2 Kc6 51. Kf3 Kb6 52. Ke2 Ka5 53. Kd1 Ka4
54. Kc2 Nf2 55. Bc1 Nxh3 56. Kb2 Nf2 57. Be3 Nxg4 58. Bd2 Nf2 59. Be1 Nd3+ 60.
Ka2 Nxe1 0-1

[Event "?"]
[Site "?"]
[Date "2014.05.31"]
[Round "3"]
[White "SCHMEISSER, Alexandre"]
[Black "TACCHINI, Bruno"]
[Result "0-1"]
[WhiteElo "1390"]
[BlackElo "1530"]
[PlyCount "84"]
[SourceDate "2014.05.30"]

1. e4 e5 2. Nf3 d6 3. d4 Bg4 4. Be2 Nc6 5. Be3 Nf6 6. Nc3 Be7 7. O-O O-O 8. h3
Bxf3 9. Bxf3 Na5 10. Bg4 Nc4 11. b3 Nxe3 12. fxe3 b6 13. dxe5 dxe5 14. Qf3 c6
15. Rad1 Qc7 16. Rd3 Rfd8 17. Rfd1 Rxd3 18. cxd3 b5 19. d4 Rd8 20. d5 cxd5 21.
exd5 Qb6 22. Kh1 g6 23. Qe2 a6 24. Bf3 Nh5 25. Bxh5 gxh5 26. g4 h4 27. Ne4 Qg6
28. Qf3 Kg7 29. Rg1 Rxd5 30. Qf5 a5 31. Qxg6+ hxg6 32. Rg2 Rd1+ 33. Kh2 Re1 34.
Nc3 b4 35. Re2 Rc1 36. Nd5 Bd6 37. e4 Bc5 38. Kg2 Rd1 39. Rc2 Bd4 40. Rc6 Rd2+
41. Kf3 Rxa2 42. Ne7 Rf2# 0-1

[Event "?"]
[Site "?"]
[Date "2014.05.31"]
[Round "3"]
[White "BAUE, Michel"]
[Black "POLAT, Pierre"]
[Result "1/2-1/2"]
[WhiteElo "1674"]
[BlackElo "1788"]
[PlyCount "56"]
[SourceDate "2014.05.30"]

1. e4 e5 2. Nf3 Nc6 3. Bb5 a6 4. Ba4 Nf6 5. O-O Be7 6. Re1 b5 7. Bb3 d6 8. c3
O-O 9. h3 Na5 10. Bc2 c5 11. d4 Nc6 12. d5 Nb8 13. Nbd2 Nbd7 14. Nf1 Re8 15. a4
b4 16. c4 Nf8 17. Be3 Ng6 18. Qd2 Nh5 19. Ng3 Nxg3 20. fxg3 Rf8 21. g4 Nh4 22.
Nxh4 Bxh4 23. Rf1 h6 24. b3 Bg3 25. Rf3 Qh4 26. Bf2 Bxf2+ 27. Qxf2 Qxf2+ 28.
Rxf2 Bd7 1/2-1/2

[Event "?"]
[Site "?"]
[Date "2014.05.31"]
[Round "?"]
[White "ALABART, Jeremie"]
[Black "PORCABEUF, Jean-Marc"]
[Result "1-0"]
[WhiteElo "1419"]
[BlackElo "1190"]
[PlyCount "47"]
[SourceDate "2014.05.30"]

1. d4 d5 2. Bf4 e6 3. Nf3 Nd7 4. c3 Ngf6 5. Nbd2 c6 6. e3 Be7 7. Bd3 O-O 8. O-O
c5 9. e4 dxe4 10. Nxe4 Nxe4 11. Bxe4 Nf6 12. Bc2 Nh5 13. Qd3 g6 14. Be3 b6 15.
Rad1 Bb7 16. Qe2 Bd6 17. dxc5 bxc5 18. Bxc5 Nf4 19. Qe3 Qf6 20. Bxd6 Rfd8 21.
Bxf4 Rxd1 22. Rxd1 Re8 23. Be5 Qxf3 24. gxf3 1-0

[Event "?"]
[Site "?"]
[Date "2014.05.31"]
[Round "3"]
[White "ANTONIC, Nenad"]
[Black "DELBOE, Christian"]
[Result "0-1"]
[WhiteElo "1415"]
[BlackElo "1638"]
[PlyCount "67"]
[SourceDate "2014.05.30"]

1. d4 b6 2. Nf3 Bb7 3. Nbd2 Nf6 4. e3 g6 5. Bd3 Bg7 6. O-O O-O 7. c3 d6 8. Re1
Nbd7 9. e4 e5 10. d5 Nc5 11. Bc2 a5 12. Nf1 Ba6 13. Bg5 Qc8 14. h3 Bxf1 15.
Rxf1 Ncxe4 16. Bh4 Nc5 17. Re1 Nh5 18. Bg5 h6 19. Bd2 Re8 20. Nh2 Nf6 21. Be3
Qb7 22. c4 Re7 23. Qc1 Kh7 24. Ng4 Nxg4 25. hxg4 Rae8 26. f3 Qc8 27. Kf2 e4 28.
Bxc5 bxc5 29. Bxe4 Bd4+ 30. Kg3 Re5 31. Rh1 Rg5 32. Qxg5 Bg7 33. Rxh6+ Bxh6 34.
Rh1 0-1

[Event "?"]
[Site "?"]
[Date "2014.05.31"]
[Round "3"]
[White "CLAUZEL, Andre"]
[Black "LEBRUN, Yves"]
[Result "1/2-1/2"]
[WhiteElo "1640"]
[BlackElo "1385"]
[PlyCount "98"]
[SourceDate "2014.05.30"]

1. d4 d5 2. c4 c6 3. cxd5 cxd5 4. Nc3 Nf6 5. Nf3 a6 6. e3 e6 7. Bd3 Be7 8. O-O
Nbd7 9. b3 h6 10. Bb2 O-O 11. Rc1 b5 12. Qc2 Bb7 13. Qe2 Re8 14. Rc2 Bd6 15.
Rfc1 Rc8 16. Nd2 e5 17. dxe5 Bxe5 18. Nf3 d4 19. Nxe5 Nxe5 20. Nd1 Rxc2 21.
Qxc2 Nxd3 22. Qxd3 Qd5 23. f3 dxe3 24. Qe2 Qd2 25. Rc2 Qxe2 26. Rxe2 Nd5 27.
Bd4 Nf4 28. Rxe3 Rxe3 29. Bxe3 Nd5 30. Bc5 f6 31. Kf2 Kf7 32. g3 f5 33. f4 g6
34. Nb2 Nf6 35. Bd4 Ng4+ 36. Kg1 Be4 37. h3 Nf6 38. a3 Nd5 39. Kf2 Bc2 40. b4
Be4 41. Bc5 h5 42. h4 Ke6 43. a4 Nc7 44. axb5 axb5 45. Ke3 Kd5 46. Nd1 Ne6 47.
Nc3+ Kc6 48. Nxe4 fxe4 49. Be7 Kd5 1/2-1/2

[Event "?"]
[Site "?"]
[Date "2014.05.31"]
[Round "4"]
[White "LEBRUN, Yves"]
[Black "ROMAN, Hugo"]
[Result "0-1"]
[WhiteElo "1385"]
[BlackElo "1862"]
[PlyCount "60"]
[SourceDate "2014.05.30"]

1. Nf3 Nf6 2. d4 g6 3. Bf4 Bg7 4. e3 O-O 5. Bd3 d6 6. h3 c5 7. c4 cxd4 8. exd4
Qb6 9. Nc3 Nc6 10. Na4 Qc7 11. O-O Nh5 12. Be3 f5 13. d5 Ne5 14. Nxe5 dxe5 15.
Qe1 f4 16. Bd2 f3 17. Qc1 fxg2 18. Kxg2 Nf4+ 19. Bxf4 Rxf4 20. Rh1 e4 21. Be2
Bd4 22. f3 Bd7 23. Nc3 exf3+ 24. Bxf3 Rxf3 25. Ne4 Raf8 26. Qg5 Qxc4 27. Rae1
Qc2+ 28. Nd2 Rf2+ 29. Kg3 Rxd2 30. Qxe7 Bf2+ 0-1

[Event "?"]
[Site "?"]
[Date "2014.05.31"]
[Round "4"]
[White "DELBOE, Christian"]
[Black "CHAIGNET, Christian"]
[Result "0-1"]
[WhiteElo "1646"]
[BlackElo "1628"]
[PlyCount "102"]
[SourceDate "2014.05.30"]

1. Nf3 Nf6 2. g3 g6 3. Bg2 Bg7 4. O-O d6 5. d3 e5 6. Nbd2 O-O 7. c4 Nh5 8. Rb1
f5 9. Qb3 Nd7 10. c5+ Kh8 11. cxd6 cxd6 12. Qc2 Nb6 13. b3 f4 14. Bb2 Bf5 15.
Rfc1 Rc8 16. Qd1 Qd7 17. Rxc8 Rxc8 18. Rc1 Rxc1 19. Qxc1 h6 20. Nh4 fxg3 21.
hxg3 Kh7 22. Nxf5 gxf5 23. Bh3 Qf7 24. Nc4 Nxc4 25. Qxc4 d5 26. Qc8 Kg6 27. e3
e4 28. Bxg7 Nxg7 29. d4 Ne6 30. Qb8 Ng5 31. Qd6+ Kg7 32. Bg2 a6 33. a4 Kh7 34.
b4 Kg7 35. b5 axb5 36. axb5 Nh7 37. Bf1 Nf6 38. Be2 Kg6 39. b6 Kg7 40. Qc7 Kg6
41. Kg2 Kg7 42. Kh3 Kg6 43. Kh4 Kg7 44. Qe5 Kg6 45. Qc7 Kg7 46. g4 fxg4 47.
Qxf7+ Kxf7 48. Bxg4 Nxg4 49. Kxg4 Kg6 50. f4 exf3 51. Kxf3 Kf5 0-1

[Event "?"]
[Site "?"]
[Date "2014.05.31"]
[Round "5"]
[White "CLAUZEL, Andre"]
[Black "POLAT, Pierre"]
[Result "1/2-1/2"]
[WhiteElo "1640"]
[BlackElo "1788"]
[PlyCount "25"]
[SourceDate "2014.05.30"]

1. d4 Nf6 2. c4 e6 3. Nc3 Be7 4. e4 d6 5. Nf3 O-O 6. Be2 Nc6 7. O-O e5 8. dxe5
dxe5 9. Qxd8 Rxd8 10. Bg5 Be6 11. Nd5 Bxd5 12. cxd5 Nd4 13. Nxd4 1/2-1/2

[Event "?"]
[Site "?"]
[Date "2014.05.31"]
[Round "5"]
[White "TACCHINI, Bruno"]
[Black "MARTIN, Jean-Claude"]
[Result "1-0"]
[WhiteElo "1530"]
[BlackElo "1240"]
[PlyCount "41"]
[SourceDate "2014.05.30"]

1. e4 e5 2. Bc4 Bc5 3. d3 d6 4. h3 h6 5. Nc3 Nf6 6. Na4 O-O 7. Nxc5 dxc5 8. Nf3
Re8 9. c3 b6 10. O-O Bb7 11. Nh4 Kf8 12. Nf5 Nxe4 13. dxe4 Qxd1 14. Rxd1 Bxe4
15. Ng3 Na6 16. Bxa6 f5 17. Nxe4 fxe4 18. Re1 Rad8 19. Rxe4 Rd1+ 20. Kh2 Rd2
21. Bxd2 1-0

[Event "?"]
[Site "?"]
[Date "2014.05.31"]
[Round "5"]
[White "FARTHOUAT, Titoine"]
[Black "BAUE, Michel"]
[Result "0-1"]
[WhiteElo "1350"]
[BlackElo "1674"]
[PlyCount "116"]
[SourceDate "2014.05.30"]

1. e4 c5 2. Nf3 d6 3. Bb5+ Bd7 4. Bxd7+ Qxd7 5. O-O Nf6 6. e5 dxe5 7. Nxe5 Qc7
8. Re1 Nc6 9. Nxc6 Qxc6 10. d3 e6 11. Bg5 Be7 12. Nc3 h6 13. Bxf6 Bxf6 14. Qd2
O-O 15. Rab1 Bxc3 16. Qxc3 Qd6 17. b4 Qd4 18. Qxc5 Qd7 19. Rb3 Rac8 20. Qe3
Rxc2 21. Ra3 a6 22. Qb6 Rfc8 23. Qe3 Qd5 24. Qe4 Qxe4 25. dxe4 Kf8 26. Kf1 Rd2
27. g4 Rcc2 28. Rf3 Rxa2 29. h4 Ke7 30. Rc1 Rdc2 31. Rxc2 Rxc2 32. Rb3 Kd6 33.
b5 a5 34. Rd3+ Kc7 35. b6+ Kxb6 36. Rd7 Rc7 37. Rd6+ Kb5 38. g5 hxg5 39. hxg5
g6 40. f3 a4 41. Rd1 Ka5 42. Ra1 b5 43. Ke2 b4 44. Ra2 a3 45. Kd2 Ka4 46. Rc2
Rxc2+ 47. Kxc2 a2 48. Kb2 b3 49. f4 Kb4 50. f5 Kc4 51. e5 exf5 52. e6 fxe6 53.
Ka1 f4 54. Kb2 f3 55. Ka1 f2 56. Kb2 f1=Q 57. Ka3 Qc1+ 58. Ka4 a1=Q# 0-1

[Event "?"]
[Site "?"]
[Date "2014.05.31"]
[Round "4"]
[White "DUTHOIT, Bernard"]
[Black "ALABART, Jeremie"]
[Result "0-1"]
[WhiteElo "1360"]
[BlackElo "1419"]
[PlyCount "53"]
[SourceDate "2014.05.30"]

1. e4 c6 2. d4 d5 3. e5 e6 4. Nf3 c5 5. c3 Nc6 6. Bb5 Bd7 7. Bxc6 Bxc6 8. Be3
Qb6 9. Qb3 Qxb3 10. axb3 b6 11. Nbd2 cxd4 12. Bxd4 Bc5 13. Bxc5 bxc5 14. O-O
Ne7 15. c4 O-O 16. Rfc1 Rfc8 17. cxd5 Bxd5 18. Rc2 Rc7 19. Nc4 Be4 20. Rd2 Bd5
21. Ne1 a6 22. f4 Rb8 23. g3 Bxc4 24. bxc4 g6 25. Rb1 Rb3 26. Nc2 Rb4 27. Na1
0-1

[Event "?"]
[Site "?"]
[Date "2014.05.31"]
[Round "?"]
[White "LOYARTE, Frederic"]
[Black "DUTHOIT, Bernard"]
[Result "1-0"]
[WhiteElo "1439"]
[BlackElo "1360"]
[PlyCount "91"]
[SourceDate "2014.05.30"]

1. d4 d5 2. c4 e6 3. Nc3 Nf6 4. Nf3 a6 5. Bg5 Be7 6. e3 O-O 7. c5 Ne4 8. Bxe7
Nxc3 9. Bxd8 Nxd1 10. Rxd1 Rxd8 11. Bd3 Nd7 12. O-O Nf6 13. Ne5 Bd7 14. Rc1 c6
15. b4 Be8 16. h3 Nd7 17. Nxd7 Rxd7 18. g4 f6 19. f4 Re7 20. Rce1 h5 21. g5
fxg5 22. fxg5 g6 23. Rf6 Kg7 24. Rf4 Bf7 25. h4 Rb8 26. a4 b5 27. cxb6 Rxb6 28.
Rb1 Be8 29. a5 Rb8 30. Bxa6 Bd7 31. Bd3 Be8 32. Kf2 Rf7 33. Rxf7+ Kxf7 34. Kf3
Ke7 35. Kf4 Kd6 36. a6 Ra8 37. Rc1 Kc7 38. Rc5 Bd7 39. Ke5 Bc8 40. Ra5 Kb6 41.
Kd6 Bxa6 42. Bxa6 Rxa6 43. Rxa6+ Kxa6 44. Kxc6 Ka7 45. b5 Kb8 46. b6 1-0

[Event "?"]
[Site "?"]
[Date "2014.05.31"]
[Round "5"]
[White "DEVILLE, Olivier"]
[Black "ROMAN, Hugo"]
[Result "0-1"]
[WhiteElo "1940"]
[BlackElo "1862"]
[PlyCount "76"]
[SourceDate "2014.05.30"]

1. c4 Nf6 2. Nf3 g6 3. Nc3 Bg7 4. e4 d6 5. d4 O-O 6. h3 e5 7. d5 Na6 8. Bg5 h6
9. Be3 Nc5 10. Nd2 a5 11. Be2 Ne8 12. g4 f5 13. gxf5 gxf5 14. Bxc5 dxc5 15.
exf5 Bxf5 16. Nde4 Qh4 17. Bd3 Bxe4 18. Nxe4 Rf4 19. Qe2 Nd6 20. Nxc5 e4 21.
Bc2 Bd4 22. Ne6 Rxf2 23. Nxd4 Rh2+ 24. Kd2 e3+ 25. Kc3 Rxe2 26. Rag1+ Kh8 27.
Bd3 Rf2 28. Rg4 Qf6 29. Rg6 Qh4 30. Rg4 Qe7 31. Rhg1 e2 32. Re1 Qe3 33. Rxe2
Rxe2 34. Nxe2 Re8 35. Nf4 Qe1+ 36. Kb3 Qb4+ 37. Kc2 Ne4 38. Ne6 Qd2+ 0-1

[Event "?"]
[Site "?"]
[Date "2014.05.31"]
[Round "5"]
[White "HENNUYER, Samuel"]
[Black "DELAVALADE, Philippe"]
[Result "1-0"]
[WhiteElo "1745"]
[BlackElo "1910"]
[PlyCount "71"]
[SourceDate "2014.05.30"]

1. d4 Nf6 2. f4 g6 3. Nf3 Bg7 4. e3 O-O 5. Bd3 d6 6. O-O e6 7. c3 c5 8. dxc5
dxc5 9. e4 b6 10. e5 Nd5 11. c4 Nb4 12. Be4 Qxd1 13. Rxd1 N4c6 14. Nc3 Bb7 15.
Nb5 a6 16. Nd6 Ra7 17. Be3 Ba8 18. a3 Ne7 19. b4 Bxe4 20. Nxe4 Nf5 21. Bf2 Rd7
22. bxc5 bxc5 23. Bxc5 Rc8 24. g4 Nh6 25. h3 Bf8 26. Bxf8 Kxf8 27. Rxd7 Nxd7
28. Nd6 Rb8 29. Nd4 Ng8 30. Nc6 Rb3 31. Kg2 f6 32. Nd4 Rb2+ 33. Kg3 fxe5 34.
fxe5 Ke7 35. Nc6+ Kf8 36. Rf1+ 1-0

[Event "?"]
[Site "?"]
[Date "2014.05.31"]
[Round "5"]
[White "CHAIGNET, Lucas"]
[Black "SCHNEISSER, Andre"]
[Result "0-1"]
[WhiteElo "1628"]
[BlackElo "1779"]
[PlyCount "64"]
[SourceDate "2014.05.30"]

1. e4 c5 2. Nf3 e6 3. d4 cxd4 4. Nxd4 Nc6 5. Nxc6 bxc6 6. c4 Qc7 7. Be2 Nf6 8.
Qd4 Qb6 9. Qxb6 axb6 10. f3 d5 11. cxd5 exd5 12. exd5 Nxd5 13. Bd2 Bc5 14. a3
Ne3 15. Bxe3 Bxe3 16. Bd3 O-O 17. Kd1 Be6 18. Kc2 Rfd8 19. Nc3 Rd7 20. Rad1
Rad8 21. Rhe1 Bh6 22. Re2 g6 23. h3 c5 24. Ree1 c4 25. Be2 Bf5+ 26. Ne4 Rd2+
27. Rxd2 Rxd2+ 28. Kc3 Bxe4 29. fxe4 f5 30. Bf3 Rf2 31. Re2 Rf1 32. Kc2 Rc1#
0-1

[Event "?"]
[Site "?"]
[Date "2014.05.31"]
[Round "5"]
[White "ALABART, Jeremie"]
[Black "ASSELINEAU, Dominique"]
[Result "1-0"]
[WhiteElo "1419"]
[BlackElo "1646"]
[PlyCount "69"]
[SourceDate "2014.05.30"]

1. d4 Nf6 2. Nf3 d5 3. Bf4 e6 4. c3 Nbd7 5. Nbd2 c5 6. e3 Be7 7. h3 O-O 8. Bd3
cxd4 9. exd4 b6 10. O-O Bb7 11. Re1 Rc8 12. Rc1 Re8 13. Bh2 a6 14. Bb1 b5 15.
a3 Nb6 16. Ne5 Bd6 17. Ndf3 Nc4 18. Re2 h6 19. Bd3 Bb8 20. Kh1 Nd6 21. Qe1 Nde4
22. Rec2 Ba8 23. a4 Qb6 24. axb5 axb5 25. Qf1 Nd6 26. Nd2 Red8 27. Nb3 Nc4 28.
Qe2 Bb7 29. Qf3 Qc7 30. Nc5 Rf8 31. Ng4 Qe7 32. Nxf6+ gxf6 33. Nxb7 Bxh2 34.
Kxh2 Qxb7 35. Qxf6 1-0

[Event "?"]
[Site "?"]
[Date "2014.06.01"]
[Round "6"]
[White "PORCABEUF, Jean-Marc"]
[Black "LOYARTE, Frederic"]
[Result "0-1"]
[WhiteElo "1190"]
[BlackElo "1439"]
[PlyCount "34"]
[SourceDate "2014.05.30"]

1. d4 Nf6 2. c4 d6 3. Nc3 g6 4. h3 Bg7 5. Nf3 O-O 6. Bf4 Nh5 7. e3 Nxf4 8. exf4
Bf5 9. Bd3 Qd7 10. Nh4 Bxd3 11. Qxd3 Qe6+ 12. Ne4 f5 13. d5 Qxe4+ 14. Qxe4 fxe4
15. O-O Rxf4 16. Nxg6 hxg6 17. b3 Bxa1 0-1